Riconosci la Squadra di calcio - Quiz n°64 - Statistics

Statistiche generali
  • Questo quiz è stato fatto 5 volte
  • Il punteggio medio è 10 su 14
Statistiche sulle risposte
Indizio Risposta % Corretto
Colori sociali Amaranto
100%
Simboli Cavallo
100%
Confederazione UEFA
100%
Titoli nazionali 0
80%
Fondazione 1923
80%
Rifondazione 1936
80%
Trofei nazionali Coppe Italia Serie C/Lega Pro 1 Supercoppa di Lega di Serie C
80%
Divisione nazionale 2023-2024 Terza
80%
Trofei internazionali 0
60%
Capienza Stadio 13 128 posti
60%
Rifondazione 1993
40%
Rifondazione 2010
40%
Rifondazione 2018
40%
Squadra Arezzo
40%
Nessun quiz corrispondente trovato
Distribuzione punteggi
Percentuale di utenti per punteggio
Percentile per numero di risposta
I tuoi punteggi nel tempo
Non hai fatto questo quiz